Kambing

שמור ב:
מידע ביבליוגרפי
מחבר ראשי: M. RANTISSI
פורמט: ספר
שפה:Indonesian
יצא לאור: Jakarta Bintang Indonesia
תגים: הוספת תג
אין תגיות, היה/י הראשונ/ה לתייג את הרשומה!
LEADER 00407nam a22001697a 4500
007 ta
008 160108b xxu||||| |||| 00| 0 ind d
020 |a 9786022183013 
041 |a IND 
082 |2 23  |a 599.6 
100 |a M. RANTISSI 
245 |a Kambing 
260 |a Jakarta  |b Bintang Indonesia 
300 |a 24 hlm.; ilust.; 19 cm 
650 |2 Cerita Fabel 
942 |2 ddc  |c BK  |6 599_600000000000000 
999 |c 24343  |d 24343